Nam bộ vài nét lịch sử - văn hóa

Giới thiệu vùng đất Nam Bộ với những đặc điểm kinh tế xã hội; giao lưu kinh tế và văn hoá từ thế kỷ 17 đến 19; các thương cảng lớn ở Nam Bộ; lịch sử hình thành vùng đất đồng bằng Sông Cửu Long; sự phát triển kinh tế hàng hoá ở Mỹ Tho thế kỷ 17......

وصف كامل

محفوظ في:
التفاصيل البيبلوغرافية
المؤلف الرئيسي: Trần Thuận
التنسيق: كتاب
اللغة:Vietnamese
منشور في: Tp.HCM Văn hóa - Văn nghệ Tp. Hồ Chí Minh 2014
الطبعة:Tái bản lần thứ nhất
الموضوعات:
الوسوم: إضافة وسم
لا توجد وسوم, كن أول من يضع وسما على هذه التسجيلة!
Thư viện lưu trữ: Mạng thư viện Đại học Đà Nẵng
LEADER 01389nam a2200325 4500
001 000024109
003 20588
005 20161011151007.0
008 161007s2014 viesd
020 |a 9786046813866  |c 74000đ 
041 0 |a vie 
082 1 4 |a 915.977  |b TR-T 
100 1 |a Trần Thuận 
245 1 0 |a Nam bộ vài nét lịch sử - văn hóa  |c Trần Thuận 
250 |a Tái bản lần thứ nhất 
260 |a Tp.HCM  |b Văn hóa - Văn nghệ Tp. Hồ Chí Minh  |c 2014 
300 |a 316 tr.  |c 21 cm. 
520 3 |a Giới thiệu vùng đất Nam Bộ với những đặc điểm kinh tế xã hội; giao lưu kinh tế và văn hoá từ thế kỷ 17 đến 19; các thương cảng lớn ở Nam Bộ; lịch sử hình thành vùng đất đồng bằng Sông Cửu Long; sự phát triển kinh tế hàng hoá ở Mỹ Tho thế kỷ 17... 
650 0 4 |a Nam bộ  |x Lịch sử 
653 |a Văn hóa 
OWN |a LSP 
AVA |a UDN50  |b LSP  |d 915.977 TR-T  |e available  |t Error 5001 Not defined in file expand_doc_bib_avail.  |f 3  |g 0  |h N  |i 0  |k 1 
999 |a From the UDN01 
AVA |a UDN50  |b LSP  |d 915.977 TR-T  |e available  |t Error 5001 Not defined in file expand_doc_bib_avail.  |f 3  |g 0  |h N  |i 0  |k 1 
TYP |a Monograph 
TYP |a Printed language 
980 |a Mạng thư viện Đại học Đà Nẵng